000 00446nam a2200169Ia 4500
001 56104
008 130129n ii |||gr||||Z||||||465
082 _a891.41
245 0 _aRAMAYANAR ITIBRITTA
_cSatyandranath Sarma
_hTextual Documents
250 _a3rd edn--2007.
260 _aGuwahati
_bBina Library
300 _a400pg:
_bill;
_c23cm.
653 _aAssamese
653 _aDeptt-Assamese
700 _aSarma,Satyandranath.
942 _2ddc
_cBK
999 _c56028
_d56028